| 000 | 00589nam a2200193Ia 4500 | ||
|---|---|---|---|
| 003 | OSt | ||
| 005 | 20250709123918.0 | ||
| 008 | 210210b1993 xxu||||| |||| 00| 0 eng d | ||
| 040 | _cAL | ||
| 041 | _aKannada | ||
| 082 | _aK894.4 HARL | ||
| 100 |
_aHARIDASA BHATTA (Ku Shi) _9112861 _dಹರಿದಾಸ ಭಟ್ಟ (ಕು ಶಿ) |
||
| 245 |
_aLokabhirama - Samp 4. _bಲೋಕಾಭಿರಾಮ : ಸಂಪುಟ ೪ |
||
| 260 |
_aManipal _bManipala Printars Aynd Pablishars Limited _c1993 |
||
| 300 | _a235 | ||
| 690 |
_aKannada Prose _9112862 |
||
| 906 | _a048511 | ||
| 942 |
_2ddc _cBK |
||
| 999 |
_c97274 _d97274 |
||